000 00938cab a2200205 4500
001 ABS67481
008 040304n2004 000 0 eng u
035 _a(Sirsi) u125325
100 _aSheridan, G.
245 2 _aA look at current trends
260 _c2004
490 _aRICS Building Control
_v (147) January/February 2004, 11-13(3)
520 _aLooks at various techniques and standards which have been used for smoke venting residential lobbies and fire fighting shafts, which must apply to any component in a life safety system. Issues looked at include pressurisation, three metre-squared smoke shafts, 1.5msq openings and fan assisted smoke venting. Suggests building control officers inform themselves of current trends.
590 _aABS
650 _aSMOKE VENTILATION
650 _aVENTILATION
650 _aMANAGEMENT-HEALTH AND SAFETY-FIRE SAFETY
690 _aBUILT ENVIRONMENT-CONSTRUCTION DESIGN
942 _n0
999 _c74232
_d74232